000 00405nam a2200169Ia 4500
008 231217s9999 xx 000 0 und d
020 _a81-7366-722-5
041 _aEnglish
082 _a001.6424UML PIL R
100 _aPilone, Dan
245 0 _aUML : pocket reference
250 _a1st ed.
260 _c2003
_bShroff
_aNavi Mumbai
300 _avi+81+9
650 _aUML,:,pocket
942 _cAA
999 _c177064
_d177064